[Event "Int. Stuttgarter Stadtmeisterschaft B"]
[Site "Ditzingen"]
[Date "2018.05.12"]
[Round "6.7"]
[White "Winkler, Tim"]
[Black "Grünert, Thomas"]
[Result "1-0"]
[WhiteElo "1903"]
[BlackElo "1743"]
[PlyCount "87"]
[EventDate "2018.??.??"]
[WhiteTeam "SF Deizisau"]
[BlackTeam "SF Illingen"]

1. e4 c5 2. Nf3 e6 3. d4 cxd4 4. Nxd4 Nf6 5. Bd3 Nc6 6. Nxc6 dxc6 7. Be3 e5 8.
f3 Be6 9. Nd2 Bb4 10. O-O Qe7 11. Qe2 Nd7 12. Nb3 O-O 13. Rfd1 Nc5 14. Bc4 Nxb3
15. axb3 a5 16. Bxe6 Qxe6 17. Qd3 b5 18. Qd7 Rfe8 19. Qxe6 Rxe6 20. c3 Bf8 21.
Bb6 Rd6 22. Rxd6 Bxd6 23. Rxa5 Rxa5 24. Bxa5 Bc5+ 25. Kf1 f6 26. b4 Ba7 27. Bc7
c5 28. bxc5 Bxc5 29. Ke2 Kf7 30. Kd3 Ke6 31. c4 Kd7 32. Ba5 Kc6 33. h3 h5 34.
g3 Bf2 35. g4 h4 36. Bb4 Bc5 37. Bxc5 Kxc5 38. cxb5 Kxb5 39. Kc3 Kc5 40. b4+
Kb5 41. Kb3 g6 42. Kc3 g5 43. Kb3 Kb6 44. Kc4 1-0

[Event "Int. Stuttgarter Stadtmeisterschaft B"]
[Site "Ditzingen"]
[Date "2018.05.12"]
[Round "6.8"]
[White "Lang, Thomas"]
[Black "Eberhard, Michael"]
[Result "1-0"]
[WhiteElo "1796"]
[BlackElo "1702"]
[PlyCount "131"]
[EventDate "2018.??.??"]
[WhiteTeam "SG Schwäbisch Gmünd"]
[BlackTeam "Heilbronner SV"]

1. e4 e5 2. Nf3 Nc6 3. Bc4 Nf6 4. d3 Be7 5. c3 h6 6. O-O O-O 7. Re1 d6 8. b4 a6
9. a4 Be6 10. Bb3 Bxb3 11. Qxb3 Kh8 12. Nbd2 Nh7 13. Nf1 f5 14. Ng3 fxe4 15.
dxe4 Ng5 16. Nxg5 Bxg5 17. Nf5 Bxc1 18. Raxc1 Ne7 19. Ng3 Qe8 20. f3 Ng6 21.
Rcd1 Qf7 22. Qc2 Qc4 23. Nf5 Rad8 24. Ne3 Qc6 25. a5 Nf4 26. Nd5 Nxd5 27. Rxd5
Qc4 28. Red1 Rf6 29. Rxe5 Qg8 30. Red5 Qh7 31. Qd2 Qg6 32. Kh1 Re6 33. Rf5 Rde8
34. Qf4 Rf6 35. Rxf6 gxf6 36. Rd5 Kg7 37. Kg1 Re5 38. Qd2 Qe8 39. Rxe5 Qxe5 40.
g3 Qb5 41. Kf2 Qh5 42. h4 Qb5 43. Qd5 Qa4 44. Ke3 Qc2 45. Qd2 Qb3 46. Kd3 c5
47. Qc2 Qa3 48. Qb1 cxb4 49. Qxb4 Qc1 50. Qxb7+ Kg8 51. Qc8+ Kf7 52. Qd7+ Kg8
53. Qe6+ Kg7 54. Qe7+ Kg8 55. Qxf6 Qb1+ 56. Kd4 Qd1+ 57. Kc4 Qa4+ 58. Kd5 Qxa5+
59. Ke6 Qa2+ 60. Ke7 Kh7 61. h5 Qc4 62. Qg6+ Kh8 63. Qxh6+ Kg8 64. Qe6+ Qxe6+
65. Kxe6 a5 66. Kd5 1-0

[Event "Int. Stuttgarter Stadtmeisterschaft B"]
[Site "Ditzingen"]
[Date "2018.05.12"]
[Round "6.9"]
[White "Ziegler, Michael"]
[Black "Pranjic, Daniel"]
[Result "0-1"]
[WhiteElo "1663"]
[BlackElo "1782"]
[PlyCount "54"]
[EventDate "2018.??.??"]
[WhiteTeam "SF Kornwestheim"]
[BlackTeam "SG Ludwigsburg"]

1. e4 c5 2. Nf3 d6 3. Nc3 Nf6 4. Bc4 e6 5. O-O Be7 6. d4 cxd4 7. Nxd4 O-O 8.
Bb3 Na6 9. Kh1 Nc5 10. f3 a6 11. Be3 Qc7 12. Na4 Nxb3 13. Nxb3 Nd7 14. Nc3 b5
15. a3 Ne5 16. f4 Nc4 17. Bc1 Bb7 18. Qe1 Rac8 19. Nd1 Qc6 20. Nf2 Bh4 21. g3
Bf6 22. c3 d5 23. Ng4 Be7 24. Nd4 Qb6 25. e5 Bc5 26. Nb3 d4+ 27. Kg1 Qc6 0-1

[Event "Int. Stuttgarter Stadtmeisterschaft B"]
[Site "Ditzingen"]
[Date "2018.05.12"]
[Round "6.10"]
[White "Jäger, Hans-Ulrich"]
[Black "Zimmermann, Tobias"]
[Result "1/2-1/2"]
[WhiteElo "1800"]
[BlackElo "1797"]
[PlyCount "84"]
[EventDate "2018.??.??"]
[WhiteTeam "SC Sillenbuch"]
[BlackTeam "SC Schachmatt Botnang"]

1. e4 c5 2. Nf3 d6 3. c3 Nf6 4. Be2 Nc6 5. d4 e6 6. d5 exd5 7. exd5 Ne7 8. c4
Ng6 9. Nc3 Be7 10. h3 O-O 11. Be3 a6 12. a4 Nd7 13. Qd2 Bf6 14. Ne4 Qb6 15.
Nxf6+ Nxf6 16. O-O Re8 17. Bd3 Ne4 18. Qc2 f5 19. Rfe1 Bd7 20. Ng5 Nxg5 21.
Bxg5 h6 22. Be3 Rf8 23. b4 Ne5 24. f4 Nxd3 25. Qxd3 Qxb4 26. Reb1 Qa5 27. Rxb7
Qd8 28. Kh2 Rb8 29. Rxb8 Qxb8 30. Rb1 Qc7 31. Qb3 Bc8 32. Qb6 Rf7 33. Qxc7 Rxc7
34. Rb8 Kf7 35. Bd2 Bb7 36. Ba5 Rd7 37. Bd8 Kg6 38. Bh4 Kf7 39. g4 g6 40. Kg2
a5 41. Rd8 Rxd8 42. Bxd8 Ba6 1/2-1/2

[Event "Int. Stuttgarter Stadtmeisterschaft B"]
[Site "Ditzingen"]
[Date "2018.05.12"]
[Round "6.12"]
[White "Stark, Timo"]
[Black "Grozea, Filip"]
[Result "1/2-1/2"]
[WhiteElo "1865"]
[BlackElo "1604"]
[PlyCount "44"]
[EventDate "2018.??.??"]
[WhiteTeam "SC Neckarsulm"]
[BlackTeam "SV Mattnetz Berlin"]

1. d4 c5 2. e3 e6 3. c4 Nf6 4. Nf3 Nc6 5. Nbd2 d5 6. Nb3 dxc4 7. Bxc4 cxd4 8.
Nbxd4 Nxd4 9. Nxd4 a6 10. Qb3 b5 11. Bd3 Bb7 12. O-O Bd5 13. Qd1 Qc7 14. Qe2
Qb7 15. f3 Bc5 16. Kh1 Qb6 17. Nb3 Bxb3 18. axb3 O-O 19. Bd2 Nd5 20. Ba5 Qa7
21. Bd2 Qb6 22. Ba5 Qa7 1/2-1/2

[Event "Int. Stuttgarter Stadtmeisterschaft B"]
[Site "Ditzingen"]
[Date "2018.05.12"]
[Round "6.13"]
[White "Liu, Sijia Anna"]
[Black "Schmitz, Tim"]
[Result "1/2-1/2"]
[WhiteElo "1761"]
[BlackElo "1849"]
[PlyCount "60"]
[EventDate "2018.??.??"]
[WhiteTeam "SV Stuttgart-Wolfbusch"]
[BlackTeam "SC Sendling"]

1. e4 c5 2. Nf3 d6 3. d4 cxd4 4. Nxd4 Nf6 5. Nc3 a6 6. g3 e5 7. Nde2 Be7 8. Bg2
Be6 9. O-O O-O 10. h3 h5 11. f4 Qc7 12. f5 Bc4 13. Bf3 d5 14. exd5 Bc5+ 15. Kh1
Rd8 16. Bg5 Nbd7 17. g4 hxg4 18. hxg4 Re8 19. Bxf6 Nxf6 20. g5 Nh7 21. g6 Ng5
22. Ne4 Nxe4 23. Bxe4 Qe7 24. Qe1 Qg5 25. Rf3 Qh5+ 26. Kg2 Bxe2 27. Qxe2 Qg4+
28. Kh2 Qh5+ 29. Kg2 Qg4+ 30. Kh1 Qh4+ 1/2-1/2

[Event "Int. Stuttgarter Stadtmeisterschaft B"]
[Site "Ditzingen"]
[Date "2018.05.12"]
[Round "6.14"]
[White "Schäfer, Daniel"]
[Black "Fechner, Andreas"]
[Result "0-1"]
[WhiteElo "1739"]
[BlackElo "1727"]
[PlyCount "58"]
[EventDate "2018.??.??"]
[WhiteTeam "Heilbronner SV"]
[BlackTeam "SC Magstadt"]

1. d4 d5 2. c4 e6 3. Nc3 Nf6 4. Bg5 Be7 5. Nf3 b6 6. cxd5 Nxd5 7. Bxe7 Nxe7 8.
e3 O-O 9. Bd3 Bb7 10. O-O Nd7 11. Rc1 c5 12. Bb1 cxd4 13. exd4 Nf6 14. Ne5 Ned5
15. f3 Ne3 16. Qd3 Nxf1 17. Rxf1 g6 18. h4 Nh5 19. g4 Nf4 20. Qd2 Nh3+ 21. Kg2
Qxh4 22. Rh1 Bxf3+ 23. Kxf3 Qf6+ 24. Kg3 Ng5 25. Ne4 Nxe4+ 26. Bxe4 Rad8 27. g5
Qxe5+ 28. dxe5 Rxd2 29. Rh2 Rfd8 0-1

[Event "Int. Stuttgarter Stadtmeisterschaft B"]
[Site "Ditzingen"]
[Date "2018.05.12"]
[Round "6.15"]
[White "Kobald, Matthias"]
[Black "Strauss, Martin"]
[Result "1/2-1/2"]
[WhiteElo "1705"]
[BlackElo "1810"]
[PlyCount "80"]
[EventDate "2018.??.??"]
[WhiteTeam "SV Stuttgart-Wolfbusch"]
[BlackTeam "SC Sillenbuch"]

1. e4 c5 2. Nf3 Nc6 3. d4 cxd4 4. Nxd4 e5 5. Nb5 a6 6. Nd6+ Bxd6 7. Qxd6 Qe7 8.
Qd1 Nf6 9. Nc3 d6 10. Bg5 Be6 11. Bd3 Rd8 12. Nd5 Bxd5 13. exd5 Nb8 14. O-O
Nbd7 15. Re1 h6 16. Bh4 g5 17. Bg3 Nxd5 18. Be4 Nc7 19. Bxb7 Rb8 20. Bc6 f6 21.
Qh5+ Kf8 22. b3 Ne6 23. c4 Nd4 24. Be4 f5 25. Bxf5 Nxf5 26. Rad1 Kg7 27. Rd2
Rhf8 28. Qd1 Rf6 29. f3 Nxg3 30. hxg3 Qf8 31. g4 Nc5 32. Rd5 a5 33. Qd2 Qe7 34.
Qxa5 Nxb3 35. axb3 Rxb3 36. c5 dxc5 37. Rdxe5 Qd6 38. Re7+ Rf7 39. Qa7 Rbxf3
40. gxf3 Qg3+ 1/2-1/2

[Event "Int. Stuttgarter Stadtmeisterschaft B"]
[Site "Ditzingen"]
[Date "2018.05.12"]
[Round "6.16"]
[White "Rashba, David"]
[Black "Lerner, Jürgen"]
[Result "1/2-1/2"]
[WhiteElo "1699"]
[BlackElo "1872"]
[PlyCount "41"]
[EventDate "2018.??.??"]
[WhiteTeam "SC Sillenbuch"]
[BlackTeam "SC Ãœberlingen"]

1. d4 d5 2. Bf4 Nf6 3. e3 Bg4 4. Nf3 e6 5. h3 Bh5 6. Be2 Bd6 7. Ne5 Bxe2 8.
Qxe2 O-O 9. Nd2 c6 10. Ndf3 Qc7 11. Nd3 Bxf4 12. Nxf4 Nbd7 13. Nd3 c5 14. c3
Ne4 15. Nde5 f6 16. Nxd7 Qxd7 17. O-O Rac8 18. Nd2 Nxd2 19. Qxd2 c4 20. Rfe1 f5
21. Qc2 1/2-1/2

[Event "Int. Stuttgarter Stadtmeisterschaft B"]
[Site "Ditzingen"]
[Date "2018.05.12"]
[Round "6.17"]
[White "Hoffmann, Marcel"]
[Black "Sami, Sami"]
[Result "1-0"]
[WhiteElo "1673"]
[BlackElo "1827"]
[PlyCount "47"]
[EventDate "2018.??.??"]
[WhiteTeam "SC Ingersheim"]
[BlackTeam "VfL Sindelfingen"]

1. e4 c5 2. Nf3 Nc6 3. d4 cxd4 4. Nxd4 d6 5. Nc3 g6 6. Be3 Bg7 7. Bc4 Nf6 8.
Qd2 Ng4 9. Bb5 Bd7 10. Bxc6 bxc6 11. Bg5 O-O 12. f3 Ne5 13. b3 Qa5 14. Bxe7 c5
15. Bxf8 Rxf8 16. Nde2 Nc6 17. a4 Nd4 18. Rd1 f5 19. Nxd4 Bxd4 20. Nd5 Qxd2+
21. Kxd2 fxe4 22. fxe4 Rf2+ 23. Kc1 Rxg2 24. Rxd4 1-0

[Event "Int. Stuttgarter Stadtmeisterschaft B"]
[Site "Ditzingen"]
[Date "2018.05.12"]
[Round "6.18"]
[White "Taghiani, Afschin"]
[Black "Schnepel, Thomas"]
[Result "1-0"]
[WhiteElo "1826"]
[BlackElo "1845"]
[PlyCount "77"]
[EventDate "2018.??.??"]
[WhiteTeam "Stuttgarter SF"]
[BlackTeam "SC Pforzheim"]

1. Nf3 c5 2. c4 Nc6 3. g3 e5 4. e4 Be7 5. Bg2 d6 6. d3 Bg4 7. h3 Be6 8. Nc3 h6
9. Nd5 Nf6 10. Nxe7 Qxe7 11. Be3 Nd7 12. Nh4 g6 13. Qd2 g5 14. Nf5 Bxf5 15.
exf5 Nf6 16. O-O Nd4 17. Bxd4 cxd4 18. Qb4 O-O 19. Rfe1 Rab8 20. Re2 Qc7 21.
Qd2 Nd7 22. h4 f6 23. hxg5 hxg5 24. f4 g4 25. Bd5+ Kg7 26. Rh2 Rh8 27. Qe2 Rxh2
28. Qxg4+ Kf8 29. Qg8+ Ke7 30. Qf7+ Kd8 31. Kxh2 Qc8 32. Be6 Kc7 33. fxe5 dxe5
34. Kg2 Qe8 35. Qg7 Rd8 36. Rh1 Kb8 37. Rh7 Nc5 38. Qc7+ Ka8 39. Qxc5 1-0

[Event "Int. Stuttgarter Stadtmeisterschaft B"]
[Site "Ditzingen"]
[Date "2018.05.12"]
[Round "6.19"]
[White "Conrady, Philipp"]
[Black "Thomas, Leonhard"]
[Result "1/2-1/2"]
[WhiteElo "1734"]
[BlackElo "1642"]
[PlyCount "52"]
[EventDate "2018.??.??"]
[BlackTeam "SV Fellbach"]

1. d4 d5 2. c4 Bf5 3. Nc3 e6 4. Nf3 Nf6 5. h3 c5 6. Bg5 dxc4 7. e4 cxd4 8. Nxd4
Bg6 9. Qa4+ Qd7 10. Qxd7+ Nbxd7 11. f3 Bb4 12. Rc1 O-O 13. Bxc4 Rac8 14. Bb3
Bxc3+ 15. Rxc3 Rxc3 16. bxc3 Rc8 17. Kd2 Rc5 18. Be3 Rc8 19. Rc1 a6 20. Ne2 Ne5
21. Bd4 Nfd7 22. Nf4 Kf8 23. Nxg6+ hxg6 24. Bxe5 Nxe5 25. c4 Nd7 26. Kd3 Ke7
1/2-1/2

[Event "Int. Stuttgarter Stadtmeisterschaft B"]
[Site "Ditzingen"]
[Date "2018.05.12"]
[Round "6.20"]
[White "Stockter, Jasper Enno"]
[Black "Kluge, Malte"]
[Result "1/2-1/2"]
[WhiteElo "1763"]
[BlackElo "1584"]
[PlyCount "53"]
[EventDate "2018.??.??"]
[WhiteTeam "SV Mattnetz Berlin"]
[BlackTeam "SF Kornwestheim"]

1. e4 c5 2. Nf3 d6 3. d4 cxd4 4. Qxd4 Nc6 5. Bb5 Bd7 6. Qd3 Nf6 7. c4 g6 8. Nc3
Bg7 9. O-O O-O 10. h3 Nb4 11. Qe2 Rc8 12. a3 Nc6 13. Rb1 a5 14. Be3 Nb8 15. Nd2
Bxb5 16. Nxb5 Nbd7 17. Rfc1 Nc5 18. Bxc5 dxc5 19. Nf3 e6 20. Rd1 Qe7 21. Rd2
Rfd8 22. Rbd1 Rxd2 23. Rxd2 Rd8 24. e5 Nd7 25. Rd6 Nb8 26. Qd2 Rxd6 27. Nxd6
1/2-1/2

[Event "Int. Stuttgarter Stadtmeisterschaft B"]
[Site "Ditzingen"]
[Date "2018.05.13"]
[Round "7.2"]
[White "Unger, Franz"]
[Black "Oliva, Jan"]
[Result "1/2-1/2"]
[WhiteElo "1978"]
[BlackElo "1841"]
[PlyCount "50"]
[EventDate "2018.??.??"]
[WhiteTeam "SK Sachsenheim"]

1. e4 c5 2. Nf3 e6 3. c3 Nc6 4. d4 d5 5. e5 Qb6 6. Be2 cxd4 7. cxd4 Bb4+ 8. Nc3
Nge7 9. O-O Nf5 10. Na4 Qd8 11. a3 Be7 12. b4 a6 13. Re1 Bd7 14. Bb2 Na7 15.
Rc1 Bxa4 16. Qxa4+ Qd7 17. Qb3 O-O 18. Bd3 g6 19. g4 Nh4 20. Nxh4 Bxh4 21. Rc2
Rac8 22. Rec1 Bg5 23. Rxc8 Rxc8 24. Rc5 b5 25. Qc2 Be7 1/2-1/2

[Event "Int. Stuttgarter Stadtmeisterschaft B"]
[Site "Ditzingen"]
[Date "2018.05.13"]
[Round "7.3"]
[White "Dallinger, Moritz"]
[Black "Winkler, Tim"]
[Result "1/2-1/2"]
[WhiteElo "1570"]
[BlackElo "1903"]
[PlyCount "108"]
[EventDate "2018.??.??"]
[WhiteTeam "SV Stuttgart-Wolfbusch"]
[BlackTeam "SF Deizisau"]

1. a3 g6 2. e4 d6 3. d4 Bg7 4. c3 Nd7 5. Ne2 c5 6. Qa4 cxd4 7. Nxd4 Ngf6 8. Nf3
O-O 9. Bd3 Nc5 10. Qc2 Qb6 11. Nbd2 Be6 12. Nd4 Ng4 13. N2f3 Bb3 14. Nxb3 Nxd3+
15. Qxd3 Qxf2+ 16. Kd1 Qxg2 17. Rf1 Nf2+ 18. Rxf2 Qxf2 19. Qe3 Qxe3 20. Bxe3 f5
21. exf5 Rxf5 22. Ke2 Rb5 23. Nfd2 a5 24. a4 Rh5 25. Nf3 b5 26. Nbd2 bxa4 27.
Rxa4 Rb5 28. Ra2 Rab8 29. Nd4 Rxb2 30. Rxa5 Rc8 31. Kd3 Be5 32. h4 Bf6 33. Bg5
Bxg5 34. Rxg5 Kf7 35. Ra5 Rb7 36. Ne4 h6 37. Ra1 d5 38. Rf1+ Kg8 39. Nd2 e5 40.
Nc2 Rbc7 41. c4 dxc4+ 42. Kc3 Rf7 43. Rg1 Kh7 44. Ne3 Rf4 45. Rh1 Kg7 46. Ndxc4
Re4 47. Rh3 Rc7 48. Kb3 Rd7 49. Rg3 h5 50. Rf3 Rxh4 51. Nxe5 Re7 52. N5c4 Rhe4
53. Kc3 Rf7 54. Rxf7+ Kxf7 1/2-1/2

[Event "Int. Stuttgarter Stadtmeisterschaft B"]
[Site "Ditzingen"]
[Date "2018.05.13"]
[Round "7.4"]
[White "Wallinger, Lukas"]
[Black "Bitzenauer, Sebastian"]
[Result "1-0"]
[WhiteElo "1677"]
[BlackElo "1880"]
[PlyCount "125"]
[EventDate "2018.??.??"]
[WhiteTeam "SV Unterkochen"]
[BlackTeam "SV Altbach"]

1. e4 c5 2. c3 d6 3. d4 Nf6 4. Bd3 g6 5. Be3 cxd4 6. cxd4 Bg7 7. h3 O-O 8. Nf3
a6 9. O-O Nc6 10. Nc3 b5 11. Rc1 Bd7 12. Qd2 Rc8 13. Rfd1 Na5 14. b3 Bc6 15. d5
Bd7 16. Ne2 e5 17. Bg5 Nb7 18. b4 Rxc1 19. Rxc1 Qb8 20. Ne1 Rc8 21. a3 Kf8 22.
Rxc8+ Qxc8 23. Qc2 Ke8 24. Be3 Ng8 25. Qxc8+ Bxc8 26. a4 bxa4 27. Bxa6 Bh6 28.
Bxh6 Nxh6 29. Nc3 f5 30. f3 fxe4 31. fxe4 Kd8 32. Nxa4 Kc7 33. Nf3 Nf7 34. Kf2
Bd7 35. Nc3 Kb6 36. Be2 Nbd8 37. Ke3 Be8 38. Kd3 Bd7 39. Kc4 Nb7 40. Nh2 Nh6
41. Bd1 Nd8 42. Ba4 Bc8 43. Be8 Ng8 44. Nf3 Nf6 45. Ba4 Nf7 46. Bc2 Nh5 47. Bd3
Bd7 48. b5 Nf4 49. Bf1 Ka5 50. Kb3 g5 51. Nd2 Kb6 52. Nc4+ Kc7 53. b6+ Kb8 54.
Kb4 h5 55. Nb5 Bxb5 56. Kxb5 Ng6 57. Kc6 Ne7+ 58. Kd7 Nc8 59. Be2 h4 60. Bh5
Nh6 61. b7 Kxb7 62. Nxd6+ Nxd6 63. Kxd6 1-0

[Event "Int. Stuttgarter Stadtmeisterschaft B"]
[Site "Ditzingen"]
[Date "2018.05.13"]
[Round "7.5"]
[White "Franz, Franz Theodor"]
[Black "Lang, Thomas"]
[Result "0-1"]
[WhiteElo "1349"]
[BlackElo "1796"]
[PlyCount "42"]
[EventDate "2018.??.??"]
[WhiteTeam "SV Mattnetz Berlin"]
[BlackTeam "SG Schwäbisch Gmünd"]

1. e4 c5 2. Nf3 d6 3. d4 cxd4 4. Qxd4 Nc6 5. Bb5 Bd7 6. Bxc6 Bxc6 7. Nc3 e5 8.
Qd3 Nf6 9. h3 Be7 10. Be3 O-O 11. O-O Qc7 12. Rad1 Rfd8 13. Rfe1 a6 14. Bg5
Rac8 15. Rd2 h6 16. Bh4 Rd7 17. Qc4 b5 18. Qb3 Qb7 19. Rde2 b4 20. Bxf6 Bxf6
21. Na4 Qb5 0-1

[Event "Int. Stuttgarter Stadtmeisterschaft B"]
[Site "Ditzingen"]
[Date "2018.05.13"]
[Round "7.6"]
[White "Hannemann, Manfred"]
[Black "Radek, Dieter"]
[Result "1-0"]
[WhiteElo "1734"]
[BlackElo "1878"]
[PlyCount "43"]
[EventDate "2018.??.??"]
[WhiteTeam "SK Neustadt"]
[BlackTeam "SV Reutlingen"]

1. e4 c5 2. Nf3 d6 3. d4 cxd4 4. Nxd4 Nf6 5. Nc3 a6 6. Be2 g6 7. O-O Bg7 8. Kh1
Bd7 9. f4 Nc6 10. Be3 O-O 11. Nf3 Ng4 12. Bg1 h5 13. Nd5 Rb8 14. f5 gxf5 15.
exf5 Bxf5 16. Nd4 Nxd4 17. Bxd4 Bxd4 18. Qxd4 e5 19. Qd2 Qh4 20. Bxg4 Bxg4 21.
Rf6 Rbe8 22. g3 1-0

[Event "Int. Stuttgarter Stadtmeisterschaft B"]
[Site "Ditzingen"]
[Date "2018.05.13"]
[Round "7.7"]
[White "Shahisavandi, Abdollah"]
[Black "Muratovic, Hajrudin"]
[Result "1-0"]
[WhiteElo "1813"]
[BlackElo "1858"]
[PlyCount "113"]
[EventDate "2018.??.??"]
[WhiteTeam "Karlsruher SF"]
[BlackTeam "SC Schachmatt Botnang"]

1. e4 c5 2. Nf3 g6 3. d4 Bg7 4. c3 b6 5. Bd3 Qc7 6. O-O Bb7 7. Be3 c4 8. Bc2 e6
9. Nbd2 Nf6 10. e5 Ng4 11. Bg5 f5 12. h3 Nh6 13. a4 Nf7 14. Be3 O-O 15. Qe2 Bd5
16. Nb1 Nc6 17. Na3 Na5 18. Nb5 Qc6 19. Ne1 a6 20. Na3 Rfb8 21. f4 Bf8 22. Nf3
b5 23. Nb1 Nb3 24. axb5 Rxb5 25. Ra2 Rab8 26. Na3 R5b6 27. Rf2 a5 28. Bxb3 Rxb3
29. Bc1 d6 30. Nd2 dxe5 31. Nxb3 cxb3 32. Ra1 exd4 33. cxd4 Nd6 34. Rf1 Ne4 35.
Rd1 Bd6 36. Be3 Ng3 37. Qf2 Ne4 38. Qf1 h6 39. Rdc1 Qe8 40. Nc4 a4 41. Nxd6
Nxd6 42. Qa6 Ne4 43. Qxa4 Qe7 44. Qa5 Rb7 45. Rc8+ Kg7 46. Rac1 Kf6 47. Rh8 Nd6
48. Qe1 Kg7 49. Ra8 g5 50. Bd2 Be4 51. fxg5 hxg5 52. Qg3 f4 53. Bxf4 Nf5 54.
Be5+ Kf7 55. Qg4 Nd6 56. Bxd6 Qxd6 57. Qxe4 1-0

[Event "Int. Stuttgarter Stadtmeisterschaft B"]
[Site "Ditzingen"]
[Date "2018.05.13"]
[Round "7.8"]
[White "Zimmermann, Tobias"]
[Black "Hoffmann, Marcel"]
[Result "1/2-1/2"]
[WhiteElo "1797"]
[BlackElo "1673"]
[PlyCount "65"]
[EventDate "2018.??.??"]
[WhiteTeam "SC Schachmatt Botnang"]
[BlackTeam "SC Ingersheim"]

1. e4 c5 2. Nf3 a6 3. d4 cxd4 4. Nxd4 Nf6 5. Nc3 e5 6. Nb3 Bb4 7. Bd3 d5 8.
exd5 Nxd5 9. Bd2 Nxc3 10. bxc3 Be7 11. Qh5 Nc6 12. O-O g6 13. Qe2 Be6 14. Rad1
Qc7 15. Bh6 Rd8 16. Be4 Bf8 17. Bxc6+ bxc6 18. Rxd8+ Kxd8 19. Bxf8 Rxf8 20.
Rd1+ Ke7 21. Qxa6 Rb8 22. Qa3+ Kf6 23. h4 Kg7 24. Qc5 Rb5 25. Qe3 Rd5 26. Rxd5
cxd5 27. Qc5 Qb8 28. a4 Bf5 29. Qxd5 Bxc2 30. Nc5 e4 31. Nxe4 Qb1+ 32. Kh2 Bxe4
33. Qd4+ 1/2-1/2

[Event "Int. Stuttgarter Stadtmeisterschaft B"]
[Site "Ditzingen"]
[Date "2018.05.13"]
[Round "7.9"]
[White "Jäger, Hans-Ulrich"]
[Black "Rautenberg, Uwe"]
[Result "1-0"]
[WhiteElo "1800"]
[BlackElo "1909"]
[PlyCount "69"]
[EventDate "2018.??.??"]
[WhiteTeam "SC Sillenbuch"]
[BlackTeam "SC Ingersheim e.V."]

1. e4 d6 2. d4 Nf6 3. Nc3 c6 4. h3 Nbd7 5. Nf3 e5 6. Be3 Be7 7. Qd2 b5 8. a3 a6
9. Rd1 Qc7 10. dxe5 dxe5 11. Be2 O-O 12. Nh2 Nc5 13. Bf3 Rd8 14. Qe2 Rxd1+ 15.
Qxd1 Bb7 16. Ng4 Ne6 17. Qc1 Nd4 18. Nxf6+ Bxf6 19. b4 a5 20. Bd1 axb4 21. axb4
Be7 22. Qb2 Qd6 23. Na2 Qe6 24. Nc1 Qc4 25. c3 c5 26. bxc5 Bxe4 27. cxd4 exd4
28. Qxd4 Bf6 29. Qxc4 bxc4 30. O-O Ra1 31. Bf3 Bf5 32. c6 Be5 33. g4 Bc8 34.
Rd1 Bf6 35. c7 1-0

[Event "Int. Stuttgarter Stadtmeisterschaft B"]
[Site "Ditzingen"]
[Date "2018.05.13"]
[Round "7.11"]
[White "Apelt, Andreas"]
[Black "Taghiani, Afschin"]
[Result "1-0"]
[WhiteElo "1787"]
[BlackElo "1826"]
[PlyCount "79"]
[EventDate "2018.??.??"]
[WhiteTeam "SV Höhenkirchen"]
[BlackTeam "Stuttgarter SF"]

1. d4 e6 2. c4 Nf6 3. Nc3 Bb4 4. f3 c5 5. a3 Bxc3+ 6. bxc3 O-O 7. e4 d6 8. Bd3
Nc6 9. Ne2 e5 10. d5 Na5 11. O-O b6 12. Ng3 Ba6 13. Qe2 Nb3 14. Rb1 Nxc1 15.
Rbxc1 Bc8 16. Qd2 h6 17. f4 exf4 18. Rxf4 Ng4 19. Be2 Ne5 20. Rcf1 Qg5 21. Qd1
Ng6 22. R4f2 Nh4 23. Qc1 Qe5 24. Bh5 f5 25. exf5 Bxf5 26. Re1 Qf6 27. Nxf5 Nxf5
28. g4 Qh4 29. Qc2 Ne7 30. Rfe2 Nf5 31. Re6 Rad8 32. Qe2 Qg5 33. Rg6 Nh4 34.
Rxg5 Nf3+ 35. Kh1 Nxg5 36. Rf1 Rxf1+ 37. Qxf1 Rf8 38. Qe2 Rf6 39. h4 Nh3 40.
Qe8+ 1-0

[Event "Int. Stuttgarter Stadtmeisterschaft B"]
[Site "Ditzingen"]
[Date "2018.05.13"]
[Round "7.12"]
[White "Lehmann, Joachim"]
[Black "Steinmassl, Guido"]
[Result "1/2-1/2"]
[WhiteElo "1784"]
[BlackElo "1630"]
[PlyCount "26"]
[EventDate "2018.??.??"]
[WhiteTeam "Ilmenauer SV"]
[BlackTeam "SK Gerlingen"]

1. d4 f5 2. c4 Nf6 3. Nc3 d6 4. g3 g6 5. Bg2 Bg7 6. Nf3 O-O 7. O-O Nc6 8. Bg5
e5 9. d5 Ne7 10. Qd2 Nh5 11. Bh6 e4 12. Nd4 Bxd4 13. Qxd4 Rf7 1/2-1/2

[Event "Int. Stuttgarter Stadtmeisterschaft B"]
[Site "Ditzingen"]
[Date "2018.05.13"]
[Round "7.13"]
[White "Kaufhold, Stephan"]
[Black "Lerche, Philipp"]
[Result "1-0"]
[WhiteElo "1857"]
[BlackElo "1694"]
[PlyCount "73"]
[EventDate "2018.??.??"]
[WhiteTeam "SC Böblingen"]
[BlackTeam "SC Weiße Dame Ulm e.V."]

1. d4 Nf6 2. Nf3 g6 3. c4 Bg7 4. Nc3 d5 5. h3 O-O 6. Bf4 c5 7. e3 Nc6 8. dxc5
Qa5 9. Qa4 Qxc5 10. Be2 Rd8 11. O-O dxc4 12. Qxc4 Qa5 13. Ng5 Rf8 14. a3 a6 15.
b4 Qb6 16. Rac1 h6 17. Nge4 Nxe4 18. Nxe4 a5 19. b5 Be6 20. Qc5 Qxc5 21. Nxc5
Nd8 22. Bc7 Bd5 23. e4 Ba2 24. Rc2 Rc8 25. b6 Be6 26. Bb5 Bd4 27. Rd1 Bxc5 28.
Rxc5 g5 29. Ba4 g4 30. h4 g3 31. f3 Ra8 32. Bxg3 Ra6 33. Bc7 Ra8 34. Kf2 f6 35.
Bf4 Kg7 36. Rc7 Kf7 37. Bd6 1-0

[Event "Int. Stuttgarter Stadtmeisterschaft B"]
[Site "Ditzingen"]
[Date "2018.05.13"]
[Round "7.14"]
[White "Butenandt, Svenja"]
[Black "Stark, Timo"]
[Result "1/2-1/2"]
[WhiteElo "1709"]
[BlackElo "1865"]
[PlyCount "33"]
[EventDate "2018.??.??"]
[WhiteTeam "FC Bayern München"]
[BlackTeam "SC Neckarsulm"]

1. d4 e6 2. c4 b6 3. Nc3 Bb7 4. Bf4 Ne7 5. e3 Ng6 6. Bg3 Be7 7. Nf3 f5 8. Be2
O-O 9. O-O f4 10. exf4 Nxf4 11. Bxf4 Rxf4 12. Qd2 Rf8 13. Rad1 Qe8 14. Ne5 d6
15. Nf3 Nd7 16. Qe3 Qg6 17. Nb5 1/2-1/2

[Event "Int. Stuttgarter Stadtmeisterschaft B"]
[Site "Ditzingen"]
[Date "2018.05.13"]
[Round "7.15"]
[White "Schmitz, Tim"]
[Black "Michna, Marcus"]
[Result "1/2-1/2"]
[WhiteElo "1849"]
[BlackElo "1749"]
[PlyCount "31"]
[EventDate "2018.??.??"]
[WhiteTeam "SC Sendling"]
[BlackTeam "TSF Ditzingen"]

1. e4 e6 2. d4 d5 3. Nd2 Nf6 4. e5 Nfd7 5. Bd3 c5 6. c3 Nc6 7. Ngf3 Be7 8. O-O
O-O 9. Re1 cxd4 10. cxd4 f6 11. Nf1 fxe5 12. dxe5 Rxf3 13. Qxf3 Ndxe5 14. Qh3
Nxd3 15. Qxd3 Nb4 16. Qb3 1/2-1/2

[Event "Int. Stuttgarter Stadtmeisterschaft B"]
[Site "Ditzingen"]
[Date "2018.05.13"]
[Round "7.16"]
[White "Grozea, Filip"]
[Black "Engelhardt, Frank"]
[Result "1-0"]
[WhiteElo "1604"]
[BlackElo "1803"]
[PlyCount "71"]
[EventDate "2018.??.??"]
[WhiteTeam "SV Mattnetz Berlin"]
[BlackTeam "SC Schachmatt Botnang"]

1. e4 e5 2. Nf3 Nc6 3. d4 exd4 4. Nxd4 Bc5 5. Be3 Qf6 6. Nb5 Bxe3 7. fxe3 Qd8
8. Qg4 g6 9. Qf4 d6 10. Bd3 a6 11. Nd4 Ne5 12. O-O Qe7 13. Nc3 Be6 14. Nd5 Bxd5
15. exd5 O-O-O 16. e4 h5 17. Nf3 f6 18. Nd4 Rf8 19. Ne6 Rf7 20. b4 Nh6 21. b5
a5 22. b6 cxb6 23. Qe3 Nd7 24. Rab1 Ng4 25. Qd2 Kb8 26. Bb5 Nge5 27. Bxd7 Nxd7
28. Rf3 Rc8 29. Rc3 Nc5 30. Rxb6 Nxe6 31. Rxc8+ Kxc8 32. dxe6 Qxe6 33. Rxd6 Qe7
34. Qd5 Qc7 35. c4 Rf8 36. c5 1-0

[Event "Int. Stuttgarter Stadtmeisterschaft B"]
[Site "Ditzingen"]
[Date "2018.05.13"]
[Round "7.17"]
[White "Rühl, Volker"]
[Black "Liu, Sijia Anna"]
[Result "0-1"]
[WhiteElo "1801"]
[BlackElo "1761"]
[PlyCount "60"]
[EventDate "2018.??.??"]
[WhiteTeam "VfL Sindelfingen"]
[BlackTeam "SV Stuttgart-Wolfbusch"]

1. e4 c5 2. Nf3 d6 3. d4 cxd4 4. Nxd4 Nf6 5. Nc3 a6 6. Be2 e6 7. O-O Be7 8. Be3
O-O 9. Qd2 b5 10. f3 Qc7 11. Nd1 Bb7 12. Nf2 Nc6 13. c3 Rfd8 14. Rfd1 d5 15.
Bf4 e5 16. Nxc6 Bxc6 17. Bg3 dxe4 18. Qe3 Rxd1+ 19. Rxd1 Nd5 20. Qc1 Bc5 21. c4
Ne3 22. cxb5 Nxd1 23. Qxc5 Nxf2 24. Bxe5 Qd8 25. Qxc6 Rc8 26. Qxa6 e3 27. b6
Rc1+ 28. Bf1 Nd3 29. b7 e2 30. Qxd3 Rxf1# 0-1